Structural fire engineering design (Record no. 104100)
[ view plain ]
| 000 -LEADER | |
|---|---|
| fixed length control field | 01281cam a2200277 4500 |
| 008 - FIXED-LENGTH DATA ELEMENTS--GENERAL INFORMATION | |
| fixed length control field | 050317n2004 000 0 eng u |
| 020 ## - INTERNATIONAL STANDARD BOOK NUMBER | |
| International Standard Book Number | 1860817041 |
| 035 ## - SYSTEM CONTROL NUMBER | |
| System control number | (Sirsi) u129091 |
| 041 ## - LANGUAGE CODE | |
| Language code of text/sound track or separate title | eng |
| 050 ## - LIBRARY OF CONGRESS CALL NUMBER | |
| Classification number | 693.82 |
| -- | 18 |
| 100 ## - MAIN ENTRY--PERSONAL NAME | |
| Personal name | De Vekey, R. |
| 245 ## - TITLE STATEMENT | |
| Title | Structural fire engineering design |
| Remainder of title | materials behaviour - masonry |
| 260 ## - PUBLICATION, DISTRIBUTION, ETC. | |
| Place of publication, distribution, etc. | Watford |
| Name of publisher, distributor, etc. | BRE |
| Date of publication, distribution, etc. | 2004 |
| 300 ## - PHYSICAL DESCRIPTION | |
| Extent | 12p. |
| Dimensions | 30cm. |
| 350 ## - PRICE (NR) (BK AM CF MU VM SE) [OBSOLETE] | |
| Price | 12 |
| 490 ## - SERIES STATEMENT | |
| Series statement | BRE Digest |
| Volume/sequential designation | 487 Part 3 |
| 520 ## - SUMMARY, ETC. | |
| Summary, etc. | This digest forms part of a suite of related documents containing guidance for the construction industry on structural fire engineering design (see also BRE Digests 484, 485, 488 and 490). Each digest may be used in isolation or as part of the full suite. This digest describes three broad design methodologies to improve the fire resistance of masonry: traditional prescriptive, test based; simple performance based by combining test based and other data; and design by modelling. |
| 650 ## - SUBJECT ADDED ENTRY--TOPICAL TERM | |
| Topical term or geographic name entry element | MASONRY |
| 650 ## - SUBJECT ADDED ENTRY--TOPICAL TERM | |
| Topical term or geographic name entry element | FIRE SAFETY ENGINEERING |
| 650 ## - SUBJECT ADDED ENTRY--TOPICAL TERM | |
| Topical term or geographic name entry element | FIRE RESISTANT MATERIALS |
| 650 ## - SUBJECT ADDED ENTRY--TOPICAL TERM | |
| Topical term or geographic name entry element | STRUCTURAL ENGINEERING |
| 690 ## - LOCAL SUBJECT ADDED ENTRY--TOPICAL TERM (OCLC, RLIN) | |
| Topical term or geographic name as entry element | BUILT ENVIRONMENT-BUILDING MATERIALS |
| 710 ## - ADDED ENTRY--CORPORATE NAME | |
| Corporate name or jurisdiction name as entry element | Building Research Establishment |
| 710 ## - ADDED ENTRY--CORPORATE NAME | |
| Corporate name or jurisdiction name as entry element | BRE Centre for Whole Life Construction and Conservation |
| 942 ## - ADDED ENTRY ELEMENTS (KOHA) | |
| Suppress in OPAC | 0 |
| Withdrawn status | Lost status | Source of classification or shelving scheme | Damaged status | Not for loan | Home library | Current library | Shelving location | Date acquired | Total Checkouts | Full call number | Barcode | Date last seen | Copy number | Price effective from | Koha item type |
|---|---|---|---|---|---|---|---|---|---|---|---|---|---|---|---|
| Dewey Decimal Classification | London | London | BRE publications | 17/03/2005 | ENQUIRY DESK | 30069848 | 06/08/2019 | 1 | 06/08/2019 | Book |